000 00702nam a22002417a 4500
003 OSt
005 20210426101046.0
008 210120s1983 ||||| |||| 00| 0 eng d
020 _a038518056X
040 _aeng
_beng
_cDLC
041 _aeng
080 _a2
_bT-46
100 _9659
_aThomas, Gordon
245 _aPontiff
_b: Inside the Vatican Behind Today's Sensational Headlines
_c/ by: Doubleday and Company Inc
250 _a1st edition
260 _aGarden City, New York
_bDoubleday and Company Inc
_c1983
300 _a461 p.
_bill.
365 _b17.95 usd
650 0 _9262
_aReligion
_bHoly Bible
653 _aრელიგია
700 _9660
_aMorgan-Witts, Max
942 _2udc
_cBK
_e1
999 _c893
_d893